Intro to instrumentation, sensors and process cat (Record no. 299545)
[ view plain ]
| 000 -LEADER | |
|---|---|
| fixed length control field | 00305 a2200121 4500 |
| 001 - CONTROL NUMBER | |
| control field | 64472 |
| 082 ## - DEWEY DECIMAL CLASSIFICATION NUMBER | |
| Classification number | 681.2 DUN |
| 090 ## - LOCALLY ASSIGNED LC-TYPE CALL NUMBER (OCLC); LOCAL CALL NUMBER (RLIN) | |
| -- | 38095 |
| -- | 38095 |
| 100 ## - MAIN ENTRY--PERSONAL NAME | |
| Personal name | Dunn W C |
| 245 ## - TITLE STATEMENT | |
| Title | Intro to instrumentation, sensors and process cat |
| Medium | English |
| 260 ## - PUBLICATION, DISTRIBUTION, ETC. | |
| Place of publication, distribution, etc. | Boston |
| Name of publisher, distributor, etc. | Artech house |
| Date of publication, distribution, etc. | 2006 |
| 300 ## - PHYSICAL DESCRIPTION | |
| Extent | xvi, 331p. |
| 942 ## - ADDED ENTRY ELEMENTS (KOHA) | |
| Institution code [OBSOLETE] | NUST CAE |
| Call number prefix | 681.2 DUN |
| Withdrawn status | Lost status | Damaged status | Not for loan | Collection code | Permanent Location | Current Location | Date acquired | Total Checkouts | Full call number | Barcode | Date last seen | Price effective from | Koha item type |
|---|---|---|---|---|---|---|---|---|---|---|---|---|---|
| College of Aeronautical Engineering (CAE) | College of Aeronautical Engineering (CAE) | 04/03/2017 | 681.2 DUN | CAEN-4146 | 04/05/2017 | 04/05/2017 | Book |
